logo

Bir Sreshtho Munshi Abdur Rouf Library
Jhenaidah Cadet College

Dedication / (Record no. 4558)

MARC details
000 -LEADER
fixed length control field 00602nam a2200229 a 4500
001 - CONTROL NUMBER
JCCL Control Number 4558
003 - CONTROL NUMBER IDENTIFIER
JCCL marc code BD-JhCC
005 - DATE AND TIME OF LATEST TRANSACTION
control field 20171128174405.0
008 - FIXED-LENGTH DATA ELEMENTS--GENERAL INFORMATION
fixed length control field 171128s bg |||| ||a| 00| 0 eng d
035 ## - SYSTEM CONTROL NUMBER
system control number (BD-JhCC)4558
040 ## - CATALOGING SOURCE
Original cataloging agency BD-JhCC
Modifying agency BD-JhCC
041 ## - LANGUAGE CODE
Language code of Book eng
082 ## - DEWEY DECIMAL CLASSIFICATION NUMBER
Classification number 954.922
Author mark and Year DED
100 ## - MAIN ENTRY--PERSONAL NAME
Personal name Danishmund, Syed Ibrahim
245 ## - TITLE STATEMENT
Title Dedication /
Statement of responsibility, etc Syed Ibrahim Danishmund, Hazrat Jalal Sonargaon
260 ## - PUBLICATION, DISTRIBUTION, ETC. (IMPRINT)
Place of publication, distribution, etc Dhaka :
Name of publisher, distributor, etc S. M. Perwez Publication,
300 ## - PHYSICAL DESCRIPTION
Pagination 172 p. :
Dimensions 23 cm.
650 ## - SUBJECT ADDED ENTRY--TOPICAL TERM
Topical term or geographic name as entry element Bangladesh
700 ## - ADDED ENTRY--PERSONAL NAME
Personal name Sonargaon,Hazrat Jalal
942 ## - ADDED ENTRY ELEMENTS (KOHA)
Source of classification or shelving scheme Dewey Decimal Classification
Koha item type Books
Holdings
Source of classification or shelving scheme Damaged status Not for loan Home library Current library Shelving location Date of accession Total Checkouts Full call number Barcode Date last seen Copy number Koha item type
Dewey Decimal Classification     JCC Rouf Library JCC Rouf Library General Stacks 11/28/2017   954.922 DED 6338 11/28/2017 C - 1 Books

JCC Library | Contacts | JCC Home

Last Update on 23 September 2017
Copyright @ 2017-2020 JCC Rouf Library
Rouf Library, Jhenidah Cadet College (JCC), Bangladesh